<?xml version="1.0" encoding="UTF-8"?>
<collection xmlns="http://www.loc.gov/MARC21/slim">
<record>
  <controlfield tag="001">302123</controlfield>
  <controlfield tag="005">20240928181203.0</controlfield>
  <datafield tag="035" ind1=" " ind2=" ">
    <subfield code="a">G:(GEPRIS)404929781</subfield>
  </datafield>
  <datafield tag="024" ind1="7" ind2=" ">
    <subfield code="a">G:(GEPRIS)404929781</subfield>
    <subfield code="d">404929781</subfield>
  </datafield>
  <datafield tag="040" ind1=" " ind2=" ">
    <subfield code="a">GEPRIS</subfield>
    <subfield code="c">http://gepris.its.kfa-juelich.de</subfield>
  </datafield>
  <datafield tag="150" ind1=" " ind2=" ">
    <subfield code="a">Die nachsportliche Karriere (ehemaliger) professioneller Fußballspieler: Eine lebenszyklusorientierte Analyse.</subfield>
    <subfield code="y">2018 - 2023</subfield>
  </datafield>
  <datafield tag="371" ind1=" " ind2=" ">
    <subfield code="a">Privatdozent Dr. Werner Pitsch</subfield>
  </datafield>
  <datafield tag="450" ind1=" " ind2=" ">
    <subfield code="a">DFG project G:(GEPRIS)404929781</subfield>
    <subfield code="w">d</subfield>
    <subfield code="y">2018 - 2023</subfield>
  </datafield>
  <datafield tag="510" ind1="1" ind2=" ">
    <subfield code="a">Deutsche Forschungsgemeinschaft</subfield>
    <subfield code="0">I:(DE-588b)2007744-0</subfield>
    <subfield code="b">DFG</subfield>
  </datafield>
  <datafield tag="680" ind1=" " ind2=" ">
    <subfield code="a">Ziel der geplanten Studie ist die empirische Prüfung der Lebenszyklusthese (Konsum- und Sparverhalten) und die Untersuchung der nachsportlichen Karrierepfade und ihrer sozio-ökonomischen Bedingungen an einer Stichprobe ehemaliger Profifußballer. Unter Beachtung von „overestimation“ ist zu prüfen, welche Konstellationen und Bedingungen während der sport-lichen Karriere mit dem späteren beruflichen Erfolg und den dort erzielten Einkommensströmen und beruflichen Positionen jeweils wie zusammenhängen. Der Return on Investments im Bereich der formalen Schulbildung und eventueller Berufsausbildungen sowie Berufserfahrungen bzw. das Absolvieren eines Studiums nach der Zeit der aktiven sportlichen Karriere interessieren dabei ebenso, wie der Einfluss des Sozialkapitals für den Erwerb beruflicher Positionen und die eventuelle Suchzeit. Im Verwertungszusammenhang wird auf Basis der Analyse nachsportlicher Karriereverläufe (ehemaliger) deutscher Fußballprofis, denen aus sozioökonomischer Perspektive ein erfolg-reicher Umstieg in den Beruf gelang und solchen, denen dies nicht gelang, eine Rekonstruktion der Bedingungen erfolgreicher Karrieremuster und ihrer sozioökonomischen Ursachen ange-strebt. Daran schließt sich eine Reflexion der Ergebnisse anhand existenter normativer Aussagen wie dem Phasenmodell der Karriereentwicklung von Wylleman und Lavallee (2004, 516) an und generiert so Orientierungen für die Spielergewerkschaft bzw. Förderinstitutionen des Spitzensports im Sinne von Gestaltungsempfehlungen (Unterstützungs- und Beratungs-leistungen) für die nachsportlichen Karriere von Spitzensportlern. Daraus lassen sich auch Hinweise für andere/ähnlich risikobehaftete Bereiche wie Kunst (Theater, Ballett usw.) gewinnen.</subfield>
  </datafield>
  <datafield tag="909" ind1="C" ind2="O">
    <subfield code="o">oai:juser.fz-juelich.de:968866</subfield>
    <subfield code="p">authority:GRANT</subfield>
    <subfield code="p">authority</subfield>
  </datafield>
  <datafield tag="980" ind1=" " ind2=" ">
    <subfield code="a">G</subfield>
  </datafield>
  <datafield tag="980" ind1=" " ind2=" ">
    <subfield code="a">AUTHORITY</subfield>
  </datafield>
  <datafield tag="909" ind1="C" ind2="O">
    <subfield code="o">oai:juser.fz-juelich.de:968866</subfield>
  </datafield>
</record>
</collection>